Analysis tools on molecular dynamics : (Record no. 121819)
[ view plain ]
| 000 -LEADER | |
|---|---|
| fixed length control field | 00548nam a22001697a 4500 |
| 008 - FIXED-LENGTH DATA ELEMENTS--GENERAL INFORMATION | |
| fixed length control field | 250417b |||||||| |||| 00| 0 eng d |
| 020 ## - INTERNATIONAL STANDARD BOOK NUMBER | |
| International Standard Book Number | 9789937779647 |
| 082 ## - DEWEY DECIMAL CLASSIFICATION NUMBER | |
| Edition number | 23rd. |
| Classification number | 539.6 |
| Item number | K829a |
| 100 1# - MAIN ENTRY--PERSONAL NAME | |
| Personal name | Koirala, Rajendra Prasad |
| 245 ## - TITLE STATEMENT | |
| Title | Analysis tools on molecular dynamics : |
| Remainder of title | research book / |
| Statement of responsibility, etc. | Rajendra Prasad Koirala. |
| 260 ## - PUBLICATION, DISTRIBUTION, ETC. | |
| Place of publication, distribution, etc. | Kathmandu : |
| Name of publisher, distributor, etc. | Asmita Books Publishers & Distributors, |
| Date of publication, distribution, etc. | 2024. |
| 300 ## - PHYSICAL DESCRIPTION | |
| Extent | 120p. : ill. |
| 500 ## - GENERAL NOTE | |
| General note | Includes references. |
| 650 ## - SUBJECT ADDED ENTRY--TOPICAL TERM | |
| Topical term or geographic name entry element | Molecular physics |
| 9 (RLIN) | 7882 |
| 650 ## - SUBJECT ADDED ENTRY--TOPICAL TERM | |
| Topical term or geographic name entry element | Dynamics |
| 942 ## - ADDED ENTRY ELEMENTS (KOHA) | |
| Source of classification or shelving scheme | Dewey Decimal Classification |
| Koha item type | ISBN |
| Withdrawn status | Lost status | Source of classification or shelving scheme | Damaged status | Not for loan | Home library | Current library | Date acquired | Total Checkouts | Full call number | Barcode | Date last seen | Price effective from | Koha item type |
|---|---|---|---|---|---|---|---|---|---|---|---|---|---|
| Dewey Decimal Classification | Tribhuvan University Central Library | Tribhuvan University Central Library | 04/17/2025 | 539.6 K829a | IS32843 | 04/17/2025 | 04/17/2025 | ISBN | |||||
| Dewey Decimal Classification | Tribhuvan University Central Library | Tribhuvan University Central Library | 04/17/2025 | 539.6 K829a | IS32844 | 04/17/2025 | 04/17/2025 | ISBN |
